MDQL
is popping MORE tags! Check the
thread
!
Quizzes
Events
Quiz Creation
Community
Videos
Private Events
Remove Ads
Sign In
Join for FREE
Feedback
Dark Mode
Quiz Categories
Sports
Geography
Music
Movies
Television
Just For Fun
Miscellaneous
History
Literature
Language
Science
Gaming
Entertainment
Religion
Holiday
For Kids
Quiz Lab
Recent
Popular Today
Quiz Kudos Today
Editor Picks
Curator Picks
Quizzes by...
Day
Popularity
Type
Ratings
Length
Year
Community
Subscriptions
Recent Discussions
Orange Saloon
Badges
Playlists
Quests
Create
Leaderboards
Showdown
Live 5
Trivia Bingo
Activity
Puzzle Library
Sporcle Events
Private Events
Virtual Trivia
Globe League
Become a Host
Pub Owners
SporcleCon
Opinionation
Our Games
Videos
Blog
Mobile Apps
Partnerships
Remove Ads and Go Orange
Feedback
Just For Fun
Clickable
Get the Picture
Humor
Quick Pick
Word Ladder
Missing Word
Mixed Word
Blitz
Minefield
This or That
Alphabet
Color
Typing
Sporcle
Puzzle
Word Play
Follow That Line
Logic
Just For Fun
Clickable
Get the Picture
Humor
Quick Pick
Word Ladder
Missing Word
Mixed Word
Blitz
Minefield
This or That
Alphabet
Color
Typing
Sporcle
Puzzle
Word Play
Follow That Line
Logic
Random Quiz
Search Sporcle
×
Quiz Lab
Quiz Lab
Just For Fun
facebook
Type in answers that appear in a list
Type in answers that appear in a list
Classic
Best Score? Go Orange.
Top 50 Social Network Sites Stats
Can you name the Top 50 Social Network Sites?
By
Hiuu
4m
50 Questions
487 Plays
487 Plays
487 Plays
Comments
Comments
Give Quiz Kudos
Give Quiz Kudos
-
- Ratings
hide this ad
More Info
Replay
Link that replays current quiz
Next Quiz
Link to next quiz in quiz playlist
You Got
0%
They Got
Avg Score
9%
Avg Friend Score
Upgrade to see
Score Distribution
Jump to the score distribution portion of the page
Score
0/50
Timer
04:00
0
Plays Today
Rank
Social Site
% Correct
1
Facebook
99.8%
4
Myspace
88%
2
Twitter
85.6%
3
LinkedIn
29.7%
27
Bebo
22.3%
21
Friendster
18.1%
5
Flickr
15.3%
6
LiveJournal
8.9%
7
Orkut
7.2%
28
myYearbook
6.2%
9
hi5
5.8%
23
OkCupid
5.2%
29
Classmates
4.9%
12
StumbleUpon
4.3%
19
Last.fm
4.3%
10
Badoo
3.5%
13
Tagged
3.5%
11
Ning
2.7%
33
Gaia
2.5%
35
Neopets
2.3%
14
XING
2.1%
41
BlackPlanet
2.1%
20
Meetup
1.9%
15
Multiply
1.6%
30
Netlog
1.6%
Rank
Social Site
% Correct
8
TwitPic
1.4%
22
Fotolog
1.4%
24
Vox
1.4%
34
Gather
1.4%
37
Flixster
1.4%
16
Webs
1.2%
18
Yfrog
1%
26
Fanpop
1%
31
Kaboodle
1%
32
Care2
1%
17
Skyrock
0.8%
25
Buzznet
0.8%
39
CouchSurfing
0.8%
43
RockYou
0.8%
44
43 Things
0.8%
48
CarDomain
0.8%
36
Indyarocks
0.6%
38
Identi.ca
0.6%
40
Where Are You Now? (WAYN)
0.6%
47
Grono
0.6%
50
aSmallWorld
0.6%
42
The Experience Project
0.4%
45
Fotki
0.4%
46
CoolChaser
0.4%
49
PerfSpot
0.4%
Quiz Playlist
Details
Report
Send in Message
Add To Playlist
More Info:
Have fun in naming the top 50 social networking sites!
Classic:
Type in answers that appear in a list
Quiz Source
Last Updated: Feb 16, 2017
Quiz Scoreboard
CHALLENGE
Sign Up to Join the Scoreboard
Show All
Scores
Hide
Comments
May contain spoilers
Recently Published
1-10 Letter E Words III
by El_Dandy
Language
2m
Street Fighter Characters
by Artimus82
Gaming
60s
College Basketball Coaching Resumes
by pancakes188
Sports
9m
More to Explore
Quiz From the Vault
Featured Blog Post
Where Did the Easter Bunny Come From?
hide this ad
You Might Also Like...
Tags
facebook
Social Networking
Top 50
Twitter
Today's Top Quizzes in Just For Fun
Browse Just For Fun
hide this ad
Today's Top Quizzes in facebook
Browse facebook
Top Contributed Quizzes in Just For Fun
1
Name Just One - 10 to 1: Just For Fun
2
Killer Double Trees 224 - Colour Match-Up
3
Spring Typing Challenge
4
Crossword Whiteout! 49
5
Zeroing In: Just For Fun
6
Survivor Winners Logic Puzzle
7
Word Ladder: Ahoy Matey
8
Word Ladder: Wilderness Weapon
9
Clickable Animal Jokes #2
10
Kyle's 122nd Triple Trees
Explore More
Trending Topics
Anime
Marvel
Crossword
Kpop
Harry Potter
Disney
NBA
WWE
Soccer
Puzzle
NFL
Song
The Office
Country
Pokémon
hide this ad
More By:
Hiuu
Quiz
Plays
Rating
Category
Featured
Created
Who's in One Direction?
201,077
4.04
Music
Dec 19, 2010
Rhymes with 'Snow'
110,336
4.14
Language
Jan 14, 2015
Mean Girls: The Logic Puzzle
16,394
2.86
Just For Fun
Jul 21, 2014
Who's in 5 Seconds of Summer?
11,059
3.71
Music
Jul 21, 2014
Clickable Sims 3 Traits
1,586
5.00
Entertainment
Jul 21, 2014
Go to Creator's Profile
Score Distribution
Quiz Creator Spotlight
Hiuu
Follow
Send a Message
Quizzes Created
-
Created Quiz Play Count
-
More By This Creator
Popular Quizzes Today
1
Find the US States - No Outlines Minefield
2
Find the Countries of Europe - No Outlines Minefield
3
Find the US States
4
The Countries of the World
5
Risky Map Clicking: Biggest States A-Z
6
US States
7
Popular People in 1961
8
Movies - When Are They Set?
More Just For Fun Quizzes
Quick Pick: TV Thanksgiving Episodes
Published
Trending Quizzes
Risky Map Clicking: Least Populous States A-Z
1-10 Letter G Words
Countries of the World: 200 Million BC
1-10 Letter F Words
Risky Map Clicking: Next State Alphabetically
Recently Updated
Largest US Cities 1790-2010
pecheneg
Rides in Walt Disney World
pecheneg
Most Oscar Losses (Acting)
pecheneg
Beyoncé Albums
pecheneg
Leaping Animals
pecheneg
Reality TV Shows (A-Z)
bhenderson79
Rickey Henderson's Hall of Fame Teammates
pecheneg
Champions League XIs: Arsenal
pecheneg
Quick Pick: Celebrities in WWE's Hall of Fame
aduchscher
A-Z Keypad Blitz II
pecheneg
Trending Topics
Kpop
Crossword
Harry Potter
NBA
Anime
Marvel
Disney
Pokémon
Song
Puzzle
NFL
Soccer
The Office
Country
WWE
Your Account Isn't Verified!
In order to create a playlist on Sporcle, you need to verify the email address you used during registration. Go to your
Sporcle Settings
to finish the process.
Report this User
Report this user for behavior that violates our
Community Guidelines
.
Details:
Send Report
Go to the Sporcle.com Mobile Site →
Comments